Los Cónclaves y la influencia de la iglesia en los procesos electorales en referencia a la democracia venezolana /
Uloženo v:
| Hlavní autor: | |
|---|---|
| Médium: | Text |
| Tagy: |
Přidat tag
Žádné tagy, Buďte první, kdo vytvoří štítek k tomuto záznamu!
|
MARC
| LEADER | 00000 a a2200000 04500 | ||
|---|---|---|---|
| 001 | 4628 | ||
| 003 | |||
| 040 | |||
| 090 | |a REV1025 (36) 2006 | ||
| 100 | |a González González, George | ||
| 245 | |a Los Cónclaves y la influencia de la iglesia en los procesos electorales en referencia a la democracia venezolana / |c George González González | ||
| 773 | |g número 36 (enero-junio, 2006), páginas 155-175. | ||
| 999 | |c 23689 |d 23689 | ||
